[Event "Olympiad-42"]
[Site "Baku"]
[Date "2016.09.06"]
[Round "5.2"]
[White "Pantsulaia, Levan"]
[Black "Anton Guijarro, David"]
[Result "1-0"]
[WhiteElo "2601"]
[BlackElo "2630"]
[Annotator "Meulders,R"]
[PlyCount "67"]
[EventDate "2016.09.02"]
[EventType "team-swiss"]
[EventRounds "11"]
[EventCountry "AZE"]
[SourceTitle "CBM 175"]
[Source "ChessBase"]
[SourceDate "2016.11.10"]
[SourceVersion "1"]
[SourceVersionDate "2016.11.10"]
[SourceQuality "1"]
[WhiteTeam "Georgia"]
[BlackTeam "Spain"]
[WhiteTeamCountry "GEO"]
[BlackTeamCountry "ESP"]

1. Nf3 f5 2. g3 g6 3. Bg2 Bg7 4. d4 Nf6 5. O-O O-O 6. c4 d6 7. Nc3 c6 8. b3 (8.
d5 {is by far the most popular and most analysed move.}) 8... Na6 9. Bb2 Bd7 (
9... Qc7 10. d5 e5 11. dxe6 Bxe6 12. e3 (12. Ng5 Bd7 13. Qc2 Rad8 14. Rad1 Nc5
15. e3 a5 16. Rfe1 Bc8 17. Qb1 Rfe8 18. Qc2 Qe7 19. Nf3 Ng4 20. h3 Ne5 21. Nd4
Nf7 22. f4 Qc7 $11 {0-1 (53) Giri,A (2734)-Ponomariov,R (2731) Beijing 2013})
12... Rad8 13. Ne2 Rfe8 14. Nf4 Bc8 15. Rc1 Nc5 16. b4 Nce4 17. b5 Nc5 18. Qc2
Nfe4 19. Bd4 Qf7 20. Rfd1 Bd7 21. Qb2 Bf8 22. h4 h6 $11 {1/2-1/2 (36)
Kasimdzhanov,R (2706)-Nakamura,H (2764) Tashkent 2014}) (9... Qe8 10. d5 Bd7
11. Rb1 Rc8 12. e4 Nxe4 13. Nxe4 fxe4 14. Ng5 Bxb2 15. Rxb2 Rf5 16. Nxe4 cxd5
17. cxd5 Nc5 18. Re1 Nxe4 19. Rxe4 Rc5 20. Rc4 Rxc4 21. bxc4 h6 22. Re2 Rf7 23.
Qd4 Qf8 24. f4 Qg7 $10 {Gelfand,B-Ivanchuk,V/Wijk aan Zee/1996/}) 10. e3 Nc7 (
10... Re8 11. d5 e5 12. dxe6 Bxe6 13. Qc2 Qe7 14. Rad1 Rad8 $10 15. Rd2 $6 {
>=15.a3} d5 16. cxd5 Nb4 $1 17. Qb1 Nbxd5 18. Nxd5 Bxd5 19. Rfd1 Be4 20. Qc1
Rxd2 21. Rxd2 Nd5 22. Bxg7 Qxg7 23. Rd4 Qe7 24. Qd2 Rd8 25. Nh4 $4 (25. b4 $5
b6 26. Qb2 c5 27. bxc5 bxc5 28. Rd1 $15) 25... c5 $1 26. Bxe4 (26. Rc4 Nb6 $19)
26... cxd4 27. Bxd5+ Rxd5 28. Nf3 d3 29. Nd4 Rxd4 $1 30. exd4 Qe2 {0-1 (30)
Sturua,Z (2560)-Garcia Ilundain,D (2520) Yerevan 1996 CBM 055 [Vorotnikov]} (
30... Qe2 31. Qc3 d2 32. Qc8+ Kg7 33. Qc7+ Kh6 34. Qf4+ g5 35. Qd6+ Kh5 $19)) (
10... b5 $2 11. cxb5 cxb5 12. Ng5 Rb8 13. Nd5 e6 14. Nxf6+ Bxf6 15. Nh3 g5 16.
Qd2 b4 17. Rac1 Nc7 18. f4 h6 19. e4 Bb5 20. Rfe1 $16) 11. Rc1 b5 $5 {Now that
the knight no longer is on a6, ...b5 is better than on the previous move.} (
11... Rb8 $5) 12. Ne1 (12. cxb5 cxb5 13. a3 Rc8 14. Qd3 a6 15. Rfd1 e6 $11) (
12. Qd3 Rb8 13. Rfd1 a6 $11) 12... Rb8 13. Nd3 bxc4 14. bxc4 e5 $6 {...e5 is
often a desirable move for Black in the Dutch, but usually only after the
white advance of the d4-pawn to d5. Here the immediate exchange on e5 would
have given White the advantage. Instead of ...e5 a quieter move like ...Qc8
would have led to equality.} (14... Qc8 15. c5 Qa6 16. Re1 Ncd5 17. Bf1 Nxc3
18. Rxc3 Qa5 19. Ra3 Qc7 $11) 15. Ba3 $6 (15. dxe5 $1 dxe5 16. Na4 e4 17. Ndc5
$14) 15... e4 $2 {This leads to an inferior position for Black and even though
materially White's advantage is only small, in a way the game is already over
here. But here too there was a way to equality:} (15... exd4 $1 16. exd4 (16.
Bxd6 dxc3 17. Bxf8 Qxf8 18. Rxc3 Ne4 19. Rb3 {and now there's a long line,
giving Black the advantage.} Ra8 $1 20. Nf4 Nc5 21. Rb1 Ne8 22. Nd3 Rd8 $1 $17
23. Nxc5 Qxc5 24. Rb7 Nd6 25. Rc7 Bc3 26. Qb3 Ba5 27. Bd5+ Kf8 28. Qb2 Nf7 29.
Qf6 Qe7 30. Qxe7+ Kxe7 31. Rxa7 Bb6 32. Rb7 cxd5 33. Rxb6 dxc4 $17) 16... Nce8
$11 17. Qa4 c5 18. Qxa7 Ne4 19. Nxe4 fxe4 20. Bxe4 Bxd4 21. Bd5+ Kh8 22. Bg2
Nf6 {with active chances for Black despite being a pawn down.}) 16. Bxd6 exd3
17. Bxf8 Bxf8 (17... Qxf8 18. c5 $14) 18. Qxd3 $14 {Counting traditionally, 2
minor pieces are somewhat better than a rook and one pawn, and somewhat worse
than a rook and two pawns. However, much depends on the position: the activity
of the pieces (not impressive for Black here) and other factors like the pawn
structure. It's clear the weak c- and a-pawns make Black's disadvantage even
more telling than in the 'traditional' count.} c5 $6 {Black gets rid of his
weak c-pawn at once, but now the powerful white bishop on g2 increases its
domination of the h1-a8 diagonal. 18...Bb4 was a bit better but White's
advantage remains distinct.} (18... Bb4 19. Rb1 Kg7 20. Rb3 Be7 21. Rfb1 Rxb3
22. Rxb3 $16) 19. Rb1 Rb6 20. Rxb6 axb6 21. Rb1 $16 {Black has improved his
pawn structure, but only to be landed with a weak and backward b-pawn.} cxd4
22. exd4 Nce8 23. Nd5 Be6 (23... Nxd5 24. Bxd5+ Kg7 25. Qb3 Nf6 26. Bb7 $18)
24. Nxb6 $18 f4 25. Rb3 (25. Qc3) 25... Bf5 26. Qd1 Bg4 27. Qd2 f3 28. Bf1 Ng7
29. h3 Be6 30. Qb2 Ne4 31. Rxf3 Nf5 32. d5 Bg7 33. Qa3 Nd4 34. dxe6 $18 {
Funny, because now it's Black that gives up two pieces for a rook so that the
pieces are equal now. But in the meantime Black is four pawns down so of
course he didn't want to see the rest...} (34. dxe6 Nxf3+ 35. Qxf3 Nxf2 $4 (
35... Ng5 36. Qe3 Bd4 37. e7 $18) (35... Nf6 36. Nd5 $18) 36. Qf7+ Kh8 37. e7
$18) 1-0

[Event "Olympiad-41"]
[Site "Tromsoe"]
[Date "2014.08.09"]
[Round "7.1"]
[White "Wojtaszek, Radoslaw"]
[Black "Predojevic, Borki"]
[Result "1-0"]
[WhiteElo "2735"]
[BlackElo "2604"]
[Annotator "Meulders,R"]
[PlyCount "80"]
[EventDate "2014.08.02"]
[EventType "team-swiss"]
[EventRounds "11"]
[EventCountry "NOR"]
[SourceTitle "CBM 162"]
[Source "ChessBase"]
[SourceDate "2014.09.17"]
[SourceVersion "1"]
[SourceVersionDate "2014.09.17"]
[SourceQuality "1"]
[WhiteTeam "Poland"]
[BlackTeam "Bosnia&Herzegovina"]
[WhiteTeamCountry "POL"]
[BlackTeamCountry "BIH"]

1. d4 d6 2. Nf3 g6 3. c4 f5 {If you don't mind having to play the King's or
Old Indian, delaying ...f5 to this point is a good way to avoid the more
unusual and berserk lines against the Dutch.} 4. Nc3 Nf6 5. g3 Bg7 6. Bg2 O-O
7. O-O c6 8. Rb1 a5 9. Qb3 {A less usual and not so logical move, since the
queen is in the way of an intended b4 (why else play the rook to b1?). Of
course the queen stops the bishop on c8 playing for the time being, and there
is the 'Röntgen' attack on the king at g8, but this is not so terrible for
Black.} ({The most popular move here is} 9. d5 {e.g.} e5 10. dxe6 Bxe6 11. b3
Na6 12. Bf4 Nh5 13. Bg5 Qc7 14. Qd2 Nc5 15. Rfd1 Rae8 16. Be3 f4 17. Bd4 fxg3
18. hxg3 Nf6 19. Rbc1 Bf5 20. Nh4 Bc8 21. Bf3 Qe7 22. Ng2 Bf5 {1/2-1/2 (22)
Gustafsson,J (2647)-Halkias,S (2579) Reykjavik 2011}) 9... h6 ({The king can
sidestep the gaze of the white queen by moving to h8 at once:} 9... Kh8 10. Rd1
Qc7 11. c5 Na6 12. cxd6 (12. Na4) 12... exd6 13. d5 Nc5 14. Qc2 f4 15. Bxf4 Bf5
16. Qc1 Bxb1 17. Qxb1 Nh5 18. Be3 Rae8 19. Bd4 (19. Bxc5 dxc5 20. d6 $14) 19...
Bxd4 20. Nxd4 Qf7 21. Rf1 cxd5 22. Bxd5 Qg7 23. Qd1 Nf6 24. Bf3 {Matiakov,
Maxim (2689)-Dubov, Daniil (2614), Wch Bliz Dubai bliz (13) 20.06.2014 1-0 (87)
; with a dynamic equilibrium compensating for the exchange.}) (9... Ne4 {
is riskier, given Black's lag in development.} 10. Be3 Kh8 11. Nxe4 fxe4 12.
Nd2 d5 13. f3 e5 14. fxe4 exd4 15. Rxf8+ Qxf8 16. Bf2 dxc4 17. Qxc4 b5 $6 (
17... Qd6) 18. Qd3 c5 19. e5 Ra7 20. Qxb5 Ba6 21. Qb6 {With a clear advantage
for White.} Rf7 22. Ne4 Bxe2 23. e6 Re7 24. Re1 Bg4 25. Nxc5 Re8 26. e7 Qf7 27.
Qd6 Qf6 28. Qxb8 Rxb8 29. e8=Q+ Rxe8 30. Rxe8+ Bf8 31. Rxf8+ {1-0 (31)
Gustafsson,J (2647)-Cmilyte,V (2526) Aix-les-Bains 2011}) (9... Nh5 {also
ignores being behind in development. The idea to push the f-pawn, freeing the
way for Bc8 and opening the f-file for Rf8 does not impress me.} 10. Na4 Ra6
11. c5+ d5 12. Bd2 f4 13. e4 Kh8 14. Rbe1 fxg3 15. fxg3 Nf6 16. e5 Ne4 17. Bf4
Ra7 18. Ng5 Nxg5 19. Bxg5 Re8 $16 {1/2-1/2 (75) Mareco,S (2583)-Rodriguez Vila,
A (2481) Santos 2011. Black's position is very cramped and Ra7 looks quite
stupid. White went on to obtain a completely winning position, but ruined it
and had to settle for a draw.}) 10. Rd1 Nbd7 11. Qc2 {Hereby admitting that
the sortie to b3 was not so hot. But of course White can easily permit himself
a little loss of time in a position like this.} Qe8 12. b3 $146 ({As always
the stock move here is} 12. d5 {Since Black intends to play ...e5, White wants
to be able to take en passant and saddle Black with a weak and backward pawn
on d6.} cxd5 13. cxd5 Nc5 $11 ({Of course in this position, without a pawn on
c6, the advance ...e5 would be suicidal.} 13... e5 $4 14. dxe6 Qxe6 15. Bf4 $18
) 14. Be3 b6 15. b4 axb4 16. Rxb4 Bd7 17. Nd4 Ng4 18. Bc1 g5 19. Ne6 Nxe6 20.
dxe6 Bxe6 21. Bxa8 Qxa8 22. Bb2 {1/2-1/2 Wojtaszek-Ivanchuk, 2013 (41); with a
dynamic balance.}) 12... Qf7 13. Ba3 {Another way to stop ...e5.} Rb8 {If
given the chance, Black will now play ...b5, but White prevents this.} 14. d5
cxd5 15. Nxd5 Nxd5 16. Rxd5 b6 {Black is OK here. He has almost completed his
development, and the immediate threat is ...Bb7 and ...Be4, winning the
exchange.} 17. Rdd1 f4 $6 {Active but weakening the kingside.} (17... Bb7) 18.
Bb2 $1 Nc5 19. Bxg7 Bf5 $1 {A nice Zwischenzug, restoring the balance.} 20. Qb2
Qxg7 21. Qxg7+ Kxg7 22. Rbc1 Bd7 $11 23. Nd4 Rf6 24. Bc6 Be6 (24... Bxc6 25.
Nxc6 Rb7 26. Nd4 fxg3 27. hxg3 $11) 25. Rc3 (25. Nxe6+ Rxe6 26. Rd2 Rf8 27. Kg2
Ref6 28. g4 $11) 25... Rbf8 26. gxf4 $5 {It looks strange to ruin your pawn
structure like this, but White is looking for pressure along the e-file.} Rxf4
27. Re3 Kf6 (27... R4f6 $2 28. a3 $1 {and White develops an initiative, the
immediate threat being b4, winning a piece.}) 28. Nb5 ({Now, with e7 being
protected, Black can easily parry} 28. a3 {with ...Bf5.}) 28... Rc8 29. Bg2 Rf5
30. Nd4 Re5 31. Rg3 Rg5 32. Rf3+ Bf5 $6 (32... Kg7) 33. h4 Rh5 34. Bh3 Rxh4 35.
Nxf5 gxf5 36. Rxf5+ Kg6 37. Rf3 Rg8 38. Kf1 Kg7 39. e3 Ne4 40. Bg2 Nf6 {
The smoke has cleared and this should be a draw but Black overstepped the
time-limit.} 1-0

[Event "RUS-ch Higher League 69th"]
[Site "Kolomna"]
[Date "2016.06.25"]
[Round "4"]
[White "Khegay, Dmitriy"]
[Black "Prizant, Jaroslav"]
[Result "1/2-1/2"]
[WhiteElo "2434"]
[BlackElo "2511"]
[Annotator "Meulders,R"]
[PlyCount "136"]
[EventDate "2016.06.22"]
[EventType "swiss"]
[EventRounds "9"]
[EventCountry "RUS"]
[SourceTitle "CBM 174"]
[Source "ChessBase"]
[SourceDate "2016.09.13"]
[SourceVersion "1"]
[SourceVersionDate "2016.09.13"]
[SourceQuality "1"]

1. d4 f5 2. g3 Nf6 3. Bg2 g6 4. Nf3 Bg7 5. O-O O-O 6. b3 d6 7. Bb2 Qe8 8. c4 h6
{A flexible and potentially aggressive alternative to the more traditional
moves ...Na6 or ...c6, where Black goes for counterplay on the queenside.
After ...h6, the idea is not just to take the g5-square from White, but to
advance on the kingside if the time is right.} (8... Na6 9. Nbd2 (9. Nc3 e5 10.
dxe5 dxe5 11. e4 fxe4 12. Ng5 Bg4 13. Qb1 Nc5 14. Ngxe4 Bf5 15. Ba3 Ncxe4 16.
Nxe4 Rf7 17. Re1 Nxe4 18. Bxe4 c6 19. Bd6 Qe6 20. c5 Bxe4 21. Qxe4 Qf5 22. Qxf5
Rxf5 23. Re2 $14 {1/2-1/2 (67) Gupta,A (2643)-Smirin,I (2657) New Delhi 2012})
(9. Qc2 h6 10. Nc3 g5 11. a3 e5 12. dxe5 dxe5 13. Nd5 c6 14. Nxf6+ Bxf6 15. Bc3
e4 16. Nd4 Qe7 17. g4 fxg4 18. Qxe4 Qxe4 19. Bxe4 Nc5 20. Bc2 Bd7 $11 {1-0 (52)
Mu,K (2325)-Van Wely,L (2685) Canberra 2014}) 9... Rb8 10. Qc2 c5 11. Rad1 Bd7
12. Rfe1 b5 13. cxb5 Bxb5 14. a4 Nb4 15. Qc1 Ba6 16. dxc5 Rc8 17. Qc3 dxc5 18.
Nc4 $14 {1/2-1/2 (33) Hracek,Z (2635)-Bologan,V (2672) Tromsoe 2013}) 9. Nc3 (
9. Nbd2 g5 10. Qc2 Qh5 11. e3 Nc6 (11... Na6 12. a3 (12. d5 Nb4 13. Qd1 c5 14.
dxc6 Nxc6 15. Bc3 Bd7 16. b4 Qe8 17. Qb3 Kh8 18. c5 dxc5 19. bxc5 e5 20. Nc4
Be6 21. Nfd2 Rb8 22. Rab1 $11 {1-0 (40) Dreev,A (2650)-Lastin,A (2535) Elista
1997}) 12... c6 13. b4 Nc7 14. a4 Bd7 15. b5 Rf7 16. Ra3 Raf8 17. bxc6 bxc6 18.
Rb3 Ne6 19. Rb7 Bc8 20. Rb8 Bd7 21. Rxf8+ Rxf8 22. Bc3 f4 23. exf4 gxf4 24. Nh4
Ng4 $11 {1/2-1/2 (60) Cramling,P (2525)-Valles Moreno,I (2428) Burguillos 2009}
) 12. d5 Ne5 13. Bxe5 (13. Nxe5 dxe5 14. f3 $1 $16) 13... dxe5 14. Nxe5 Ng4 15.
Nxg4 Bxa1 16. Nxh6+ Qxh6 17. Rxa1 e5 18. dxe6 Qf6 19. Re1 c6 20. f4 g4 21. h3
gxh3 22. Bxh3 Bxe6 23. Nf3 $14 {1/2-1/2 (40) Laznicka,V (2642)-Jakubiec,A 
(2526) Czechia 2010}) 9... c6 (9... g5 10. Qc2 Qh5 11. e3 Na6 12. a3 c6 13.
Rae1 Rb8 14. d5 cxd5 15. Nxd5 Nxd5 16. Bxg7 Kxg7 17. cxd5 Qg6 18. Nd4 Bd7 19.
f4 (19. b4 Rbc8 20. Qd3 $16) 19... Rbc8 20. Qb2 Qf6 21. fxg5 hxg5 22. Bh3 Qe5
23. e4 $18 {1/2-1/2 (41) Stohl,I (2540)-Topalov,V (2635) Budapest 1993}) 10. d5
Na6 11. Nd4 Bd7 12. Qd2 Nc7 (12... Nc5 13. Rab1 a5 $11) 13. e4 c5 14. Nde2 b5
15. exf5 Bxf5 16. cxb5 Nxb5 17. Nxb5 Qxb5 18. Nf4 g5 19. Ne6 (19. Ne2 Qd3 20.
Rad1 Qxd2 21. Rxd2 Rab8 $11) 19... Bxe6 20. dxe6 Rab8 21. f4 (21. h3 a5 22. f4
c4 23. Bd4 cxb3 24. axb3 Qb4 25. Qd3) 21... g4 22. Rac1 Nh7 23. Bxg7 Kxg7 24.
Rc4 Nf6 {Though the position of the black king looks a bit precarious, the
black knight is an absolute tower of strength. White has no real chances of a
kingside attack, because of his weakness on the black squares. His best try is
an endgame, where his bishop may prove powerful, controlling the h1-a8
diagonal.} 25. Ra4 (25. Qc3 Qb6 26. Rd1 a5 27. f5 Kh7 28. Qe3 Qa6 29. a3 Rg8
$11) 25... Qb6 26. Qa5 Qxa5 27. Rxa5 $16 Ne8 28. Rxa7 Kf6 29. Bd5 Ng7 30. a4 (
30. Kf2 Rb4 31. Bc4 Rfb8 32. Re1 Nf5 33. h4 gxh3 34. Rh1 (34. g4 $2 {is met by
a tactical counterstroke:} d5 $1 35. Re5 Nd6 36. Rxd5 Nxc4 37. bxc4 Rxc4 $17)
34... Rxc4 35. bxc4 Rb2+ 36. Kf3 h2 $11 {Again the mighty knight allows Black
to keep the balance:} 37. g4 Nd4+ 38. Kg3 Rc2 $1 39. Ra3 Ne2+ 40. Kxh2 Nxf4+
41. Kg3 Kg5 42. Rf1 Rxc4 43. Ra8 Rc3+ 44. Rf3 Ne2+ 45. Kf2 Rc2 46. Ke3 Nd4 47.
Rg8+ Kh4 48. Rf2 Rc3+ 49. Ke4 Nxe6 $11) 30... Nf5 31. Re1 Nd4 32. a5 (32. Re3
$14 Rfc8 33. Rd7 {Making way for the advance of the a-pawn to a7.}) 32... Nc2
33. Re2 Nb4 34. Bg2 Rb5 35. Rd2 Rfb8 {White has an excellent bishop and an
extra pawn, but Black has a fantastic knight. I don't see how White can make
any progress.} 36. Bf1 (36. Kf2 {Intending to 'walk' to a4. Of course Black
moves as well.} Rc8 37. a6 (37. Ke1 Nc6 38. Bxc6 Rxc6 39. Rd3 c4 40. bxc4 Rxc4
41. Ra8 {and now several moves lead to equal play: ...Ra4, ...Rb1+, ...Re4+})
37... Rb6 38. Bf1 Nc6 39. Rb7 Rxb7 40. axb7 Rb8 41. Bg2 Nd8 $11) 36... R5b7 37.
Rxb7 Rxb7 38. h3 gxh3 39. a6 Ra7 40. Rd1 Nc2 41. Be2 Kxe6 42. Bg4+ Kf6 43. Bc8
Nb4 44. Kh2 Ra8 {Threatening ...Nxa6, because now the pin by Ra2 is harmless
since the knight can then move to c7.} 45. Bb7 Ra7 {Again threatening ...Nxa6.}
46. Ra1 e5 47. Kxh3 Nd3 48. Kg4 exf4 49. gxf4 h5+ 50. Kf3 Nb4 51. Kg3 Kf5 52.
Bc8+ Kf6 53. Kh4 Nd5 54. Rd1 Nxf4 55. Rxd6+ Ke5 56. Rd2 (56. Rd7 Rxd7 57. Bxd7
Nd5 58. a7 Nc7 59. Bb5 Kd6 60. Kxh5 c4 61. bxc4 Kc5 62. Kg5 Kb6 63. Kf6 Kxa7
64. Ke7 Kb6 $11) 56... Nd5 57. Kxh5 Nb4 58. Rd1 Ra8 59. Bb7 Ra7 60. Ra1 Kd4 61.
Ra5 Kc3 62. Rxc5+ Kxb3 $11 63. Ra5 Nd3 64. Kg5 Kb4 65. Ra1 Nc5 66. Kf5 Kb5 67.
Rb1+ Ka5 68. Bc6 Kxa6 {And White has run out of winning attempts.} 1/2-1/2

[Event "EU-chT (Men) 20th"]
[Site "Reykjavik"]
[Date "2015.11.20"]
[Round "7.2"]
[White "Fridman, Daniel"]
[Black "Laznicka, Viktor"]
[Result "1-0"]
[WhiteElo "2627"]
[BlackElo "2665"]
[Annotator "Meulders,R"]
[PlyCount "81"]
[EventDate "2015.11.13"]
[EventType "team-swiss"]
[EventRounds "9"]
[EventCountry "ISL"]
[SourceTitle "CBM 170"]
[Source "ChessBase"]
[SourceDate "2016.01.15"]
[SourceVersion "1"]
[SourceVersionDate "2016.01.15"]
[SourceQuality "1"]
[WhiteTeam "Germany"]
[BlackTeam "Czech Republic"]
[WhiteTeamCountry "GER"]
[BlackTeamCountry "CZE"]

1. d4 f5 2. g3 Nf6 3. Bg2 g6 4. c4 Bg7 5. Nc3 O-O 6. Nf3 d6 7. O-O c6 8. b3 Na6
9. Bb2 Qc7 10. d5 e5 {The typical freeing move in many Dutch positions.} 11.
dxe6 Nc5 12. Qc2 Bxe6 13. Ng5 Bd7 (13... Rae8 {is a valid alternative since
the black bishop often remains hemmed in by the pawn on f5.}) 14. e3 a5 15.
Rad1 Rad8 16. Ne2 Bc8 17. Bd4 h6 18. Nf3 g5 19. Bb2 Rde8 20. Nfd4 Rf7 21. Nc3
Nfe4 22. Rfe1 h5 23. Nf3 h4 (23... Qe7) 24. gxh4 gxh4 25. Ne2 (25. Nxh4 Nxc3
26. Bxc3 Ne4 27. Bxg7 Rxg7 28. Kh1 Qe7 29. Nf3 Kf7 {and Black gets enough
counterplay along the g-file to give him equal chances.}) 25... Qe7 26. Nf4
Bxb2 27. Qxb2 Rg7 28. h3 Ne6 29. Kh2 Kf7 30. Nd3 Rxg2+ $2 {I suppose this
optimism is the result of the onset of time-trouble, when one tends to have
hallucinations, either of despair or of grandeur. There was no need to give up
the exchange, as White can defend coolly and consolidate the material
advantage.} (30... Rh8 31. Bh1 Qf6 32. Qxf6+ Kxf6 $11) 31. Kxg2 Rg8+ 32. Kh2
N6g5 33. Ng1 $16 Ne6 34. Nf4 $1 {It's more important to stop the possible
advance of the black f-pawn than to think of the pawn structure. White has the
advantage of being the exchange up anyway, so he needn't trouble about an
isolated f-pawn.} Nxf4 35. exf4 Qf8 36. Nf3 Qh6 37. Qc1 Be6 38. Ng5+ $18 Ke7 (
38... Nxg5 39. fxg5 Qxg5 40. Qxg5 Rxg5 41. Rxd6 Rg6 {and many ways lead to a
white victory here.}) 39. Qe3 Nxg5 40. fxg5 Rxg5 41. Qd2 1-0

[Event "New York op"]
[Site "New York"]
[Date "1998.03.16"]
[Round "2"]
[White "Bareev, Evgeny"]
[Black "Agrest, Evgenij"]
[Result "1/2-1/2"]
[WhiteElo "2675"]
[BlackElo "2525"]
[Annotator "Meulders,R"]
[PlyCount "48"]
[EventDate "1998.03.16"]
[EventType "swiss"]
[EventRounds "9"]
[EventCountry "USA"]
[SourceTitle "CBM 064"]
[Source "ChessBase"]
[SourceDate "1998.06.02"]
[SourceVersion "1"]
[SourceVersionDate "1998.06.02"]
[SourceQuality "1"]

1. d4 d6 2. Nf3 g6 3. c4 f5 4. Nc3 Nf6 5. g3 Bg7 6. Bg2 O-O 7. O-O c6 {Im
Vergleich zu 7...Nc6 (scharf) und 7...Qe8 (führt zum strategisch schwierigen
aber auch interessanten Kampf) ist 7...c6 zweifellos eher langweilig aber auch
von den drei Möglichkeiten am solidesten und daher fast eine Remisvariante.} 8.
d5 e5 9. dxe6 Bxe6 10. b3 Na6 11. Ng5 Qe7 12. Ba3 Rad8 {Alles schon mermals
dagewesen.} 13. Nxe6 (13. Qc2 Ng4 (13... Bc8 14. Rad1 h6 15. Nf3 Nc5 16. e3 Ng4
{1/2-1/2 Psakhis,L-Garcia Ilundain,D/Terres Catalanes 1996/CBM 56}) 14. Nxe6
Qxe6 15. Bb2 Nc5 16. Rad1 a5 17. e3 Rfe8 18. h3 Nf6 19. Ne2 Nfe4 20. Bxg7 Kxg7
21. a3 Qf6 22. b4 axb4 23. axb4 Nd7 24. Ra1 Nb6 25. Ra7 {1/2-1/2 Dlugy,
M-Kovacevic,V/Toronto 1989/EXT 89}) 13... Qxe6 14. e3 (14. Qc2 Nc5 15. Rad1
Nfe4 16. Nxe4 Nxe4 17. Bb2 Bxb2 {1/2-1/2 Thorsteins,K-Dolmatov,S/Reykjavik op
1990/EXP 18}) (14. Rc1 Nc5 {1/2-1/2 Vaganian,R-Dolmatov,S/Reykjavik op 1990/
EXP 18}) 14... Rfe8 15. Qc2 Nc5 16. Rad1 Nce4 17. Nxe4 Nxe4 18. Rd3 Rd7 19.
Rfd1 Red8 20. Bb2 Nc5 21. Rd4 $6 {Ein kühner aber auch riskanter Versuch die
Stellung etwas Leben ein zu blasen. Schwarz ignoriert aber das Geschenk.} Qe7 (
{Wahrscheinlich aus Respekt greift Schwarz nicht zu. Die Folgen von Bxd4
führen wahrscheinlich auch zum Remis:} 21... Bxd4 {z.B.} 22. exd4 (22. Bxd4 h6
23. Ba1 Kh7 24. b4 Ne4 25. f3 Nf6 26. Qc3 Nh5 $17) 22... Ne4 23. d5 $1 (23. Re1
Qf7 (23... d5 $2 24. f3 $16) 24. Bxe4 (24. f3 Nf6 $17) 24... fxe4 25. Qxe4 d5
$1 {mit mindestens += Spiel. Vielleicht hatte Schwarz aber keine Lust zum
spielen.}) 23... cxd5 24. cxd5 Qf7 25. Bxe4 fxe4 26. Qc3 Kf8 27. Re1 Qxd5 28.
Qh8+ Qg8 29. Qf6+ Qf7 30. Qh8+ Qg8 31. Qf6+ $11) 22. R4d2 Ne4 23. Rd4 Nc5 24.
R4d2 Ne4 1/2-1/2